F1 Most Dominant Cars And Their Drivers - Statistics

General Stats
  • This quiz has been taken 107 times
  • The average score is 14 of 16
Answer Stats
Picture Hint Answer % Correct
MCL38 Lando Norris | Oscar Piastri
100%
Mercedes W05 Nico Rosberg | Lewis Hamilton
100%
RB19 Max Verstappen | Sergio Pérez
99%
Mp4/4 Alain Prost | Ayrton Senna
98%
F2002 Michael Schumacher | Rubens Barrichello
98%
Mercedes W07 Nico Rosberg | Lewis Hamilton
98%
Mercedes W11 Lewis Hamilton | Valtteri Bottas
95%
F2004 Michael Schumacher | Rubens Barrichello
94%
RB9 Sebastian Vettel | Mark Webber
92%
Brawn BGP 001 Rubens Barrichello | Jenson Button
86%
Benetton B195 Michael Schumacher | Johnny Herbert
82%
Mp4/2 Nikki Lauda | Alain Prost
79%
Williams FW14B Nigel Mansell | Riccardo Patrese
78%
Alfa Romeo 158 Giuseppe Farina | Juan Manuel Fangio
76%
Lotus 49 Jim Clark | Graham Hill
66%
Lotus 72 Jochen Rindt | Emerson Fittipaldi | Ronnie Peterson | Dave Walker | Jacky Ickx, | Reine Wisell
64%
No matching quizzes found
Score Distribution
Percent of People with Each Score
Percentile by Number Answered
Your Score History
You have not taken this quiz